| 000 | 01055nam a2200253 a 4500 | ||
|---|---|---|---|
| 001 | 19189768 | ||
| 008 | 190128s2017 ||||||||||||||||| || u | ||
| 010 | _a2016033961 | ||
| 020 | _a9780226434803 (cloth : alk. paper) | ||
| 020 | _a9780226434940 (e-book) | ||
| 050 | _aJC 143 Zuc | ||
| 100 | _aZuckert H. Catherine | ||
| 245 | 1 | 0 |
_aMachiavelli's politics _cby Catherine H. Zuckert. |
| 260 |
_aChicago ; London _bThe University of Chicago Press _c2017 |
||
| 300 | _aviii, 500 pages | ||
| 337 | _aunmediated | ||
| 338 |
_avolume _2rdacarrier |
||
| 350 | _a42.01 | ||
| 650 | 0 | _aMACHIAVELLI, NICCOLO', 1469-1527 - CRITICISM AND INTERPRETATION | |
| 650 | 0 | _aPOLITICAL SCIENCE | |
| 995 |
_aMAIN LIBRARY OPEN ACCESS _e748817 _FCBU-MAIN LIBRARY (Kitwe) _I42.01 _jJC 143 Zuc _M1 _UAVAILABLE _WJan 28, 2019 _y748817 _ZMain Library Open Access Collection |
||
| 995 |
_aMAIN LIBRARY OPEN ACCESS _e748818 _FCBU-MAIN LIBRARY (Kitwe) _I42.01 _jJC 143 Zuc _M2 _UAVAILABLE _WJan 28, 2019 _y748818 _ZMain Library Open Access Collection |
||
| 999 |
_c82270 _d82270 |
||